00401nam a2200121 i 4500001000300000100003300003245006700036260002100103040000800124041000800132008004100140856009800181bg1 aKaczorek, Tadeuszd(1932- ).10aTeoria układów regulacji automatycznej /cTadeusz Kaczorek. aWarszawa,c1974. cBPK apol950505s1974 pl f |000 0 pol  uhttp://koha.tu.koszalin.pl/cgi-bin/koha/opac-detail.pl?biblionumber=26483yKatalog online BPK